Revue Roumaine des Sciences sociales Romanian Economic Review
Na minha lista:
| Formato: | Periódico |
|---|---|
| Idioma: | inglês francês romeno |
| Publicado em: |
Bucuresti
Academiei Románe
1990
|
| Tags: |
Sem tags, seja o primeiro a adicionar uma tag!
|
MARC
| LEADER | 00000nas2a2200000 4500 | ||
|---|---|---|---|
| 001 | s006465 | ||
| 005 | 20250826110804.7 | ||
| 041 | 0 | |a eng | |
| 041 | 0 | |a fre | |
| 041 | 0 | |a rum | |
| 044 | |a RO | ||
| 245 | 1 | 0 | |a Revue Roumaine des Sciences sociales |b Romanian Economic Review |
| 264 | 1 | |a Bucuresti |b Academiei Románe |c 1990 | |
| 300 | |a 1 zv. | ||